[Event "Tournoi MI Condom 2015"]
[Site "Condom"]
[Date "2015.07.11"]
[Round "1.1"]
[White "Piceu, Tom"]
[Black "Grishchenko, Sergey"]
[Result "1/2-1/2"]
[WhiteElo "2324"]
[BlackElo "2430"]
[PlyCount "26"]
[EventDate "2015.??.??"]

1. d4 Nf6 2. Nf3 e6 3. Bf4 c5 4. c3 Nc6 5. e3 d5 6. Bd3 Bd6 7. Bg3 Bxg3 8. hxg3
Qd6 9. Nbd2 a6 10. dxc5 Qxc5 11. e4 dxe4 12. Nxe4 Nxe4 13. Bxe4 Bd7 1/2-1/2

[Event "Tournoi MI Condom 2015"]
[Site "Condom"]
[Date "2015.07.11"]
[Round "1.2"]
[White "Vedmediuc, Serghei"]
[Black "Favarel, Antoine"]
[Result "1-0"]
[WhiteElo "2400"]
[BlackElo "2359"]
[PlyCount "71"]
[EventDate "2015.??.??"]

1. e4 c5 2. Nc3 Nc6 3. Bb5 Nd4 4. Nf3 e6 5. O-O a6 6. Bd3 Ne7 7. Nxd4 cxd4 8.
Ne2 Nc6 9. c3 g6 10. cxd4 Bg7 11. d5 exd5 12. exd5 Nd4 13. Nxd4 Bxd4 14. Qe1+
Kf8 15. Be4 Kg7 16. d3 Qb6 17. Be3 d6 18. Bxd4+ Qxd4 19. Qc3 Qf6 20. Rac1 Re8
21. Qxf6+ Kxf6 22. Rc7 Re7 23. Rfc1 Rxc7 24. Rxc7 a5 25. f4 a4 26. a3 Rb8 27.
Kf2 b6 28. Ke3 Ba6 29. g4 Bb5 30. g5+ Kg7 31. Kd4 Kf8 32. Bf3 Be8 33. Bg4 b5
34. Kc3 Rd8 35. Rc8 Ke7 36. Kb4 1-0

[Event "Tournoi MI Condom 2015"]
[Site "Condom"]
[Date "2015.07.11"]
[Round "1.3"]
[White "Fantinel, Thibault"]
[Black "Lacroix, Romain"]
[Result "1/2-1/2"]
[WhiteElo "2385"]
[BlackElo "2234"]
[PlyCount "45"]
[EventDate "2015.??.??"]

1. c4 Nf6 2. Nc3 e6 3. e4 d5 4. cxd5 exd5 5. e5 d4 6. exf6 dxc3 7. Bb5+ c6 8.
Qe2+ Be6 9. Bc4 Qxf6 10. dxc3 Be7 11. Bxe6 Qxe6 12. Qxe6 fxe6 13. Nf3 Nd7 14.
O-O Bf6 15. Re1 Kf7 16. Ng5+ Bxg5 17. Bxg5 Nf6 18. a4 Rad8 19. a5 Rd5 20. Be3
a6 21. f3 Rhd8 22. Kf2 Nd7 23. f4 1/2-1/2

[Event "Tournoi MI Condom 2015"]
[Site "Condom"]
[Date "2015.07.11"]
[Round "1.4"]
[White "Belenkaya, Dina"]
[Black "Kukov, Velislav"]
[Result "0-1"]
[WhiteElo "2213"]
[BlackElo "2367"]
[PlyCount "48"]
[EventDate "2015.??.??"]

1. e4 g6 2. d4 Bg7 3. Nf3 c6 4. Bd3 d5 5. Nbd2 Bg4 6. c3 Bxf3 7. Qxf3 e6 8. O-O
Nf6 9. Re1 O-O 10. e5 Nfd7 11. Qg4 c5 12. Nf3 Nc6 13. a3 Qb6 14. h4 cxd4 15.
cxd4 h5 16. Qf4 Ne7 17. g4 f6 18. gxh5 fxe5 19. Qg4 e4 20. Ng5 Ne5 21. Qe2 exd3
22. Qd1 Qxd4 23. Be3 Qxh4 24. Nxe6 Nf3+ 0-1

[Event "Tournoi MI Condom 2015"]
[Site "Condom"]
[Date "2015.07.11"]
[Round "1.5"]
[White "Migot, Tangi"]
[Black "Bouget, Alexandre"]
[Result "1-0"]
[WhiteElo "2366"]
[BlackElo "2256"]
[PlyCount "79"]
[EventDate "2015.??.??"]

1. e4 e5 2. Nf3 Nc6 3. Bb5 a6 4. Ba4 Nf6 5. O-O b5 6. Bb3 Bb7 7. d3 Bc5 8. a4
h6 9. Nc3 b4 10. Ne2 O-O 11. Ng3 d5 12. Qe2 dxe4 13. dxe4 Nd4 14. Nxd4 Bxd4 15.
Rd1 Qc8 16. Nf5 Bc5 17. Be3 Bxe4 18. Bxc5 Qxf5 19. Bxf8 Rxf8 20. Re1 Re8 21. a5
Bb7 22. Bc4 Nh5 23. f3 Nf4 24. Qf1 Qxc2 25. Rad1 Bc6 26. Rc1 Qxb2 27. Bxf7+
Kxf7 28. Rxc6 Re6 29. Rxe6 Qd4+ 30. Kh1 Nxe6 31. Rd1 Qa7 32. Qc4 Qb7 33. Re1
Kf6 34. Qh4+ Ng5 35. f4 exf4 36. Qxf4+ Kg6 37. h4 Nh7 38. Qg4+ Ng5 39. h5+ Kf7
40. Qf5+ 1-0

[Event "Tournoi MI Condom 2015"]
[Site "Condom"]
[Date "2015.07.11"]
[Round "2.1"]
[White "Kukov, Velislav"]
[Black "Migot, Tangi"]
[Result "1/2-1/2"]
[WhiteElo "2367"]
[BlackElo "2366"]
[PlyCount "126"]
[EventDate "2015.??.??"]

1. d4 Nf6 2. Nf3 g6 3. Bf4 Bg7 4. c3 O-O 5. e3 d6 6. h3 c5 7. Be2 Qb6 8. Qb3
Be6 9. dxc5 dxc5 10. Qxb6 axb6 11. a3 Bd5 12. O-O Nbd7 13. Ne5 Nxe5 14. Bxe5
Nd7 15. Bxg7 Kxg7 16. c4 Bc6 17. Nc3 Nf6 18. Rfd1 Rfd8 19. Bf3 Bxf3 20. gxf3
Kf8 21. Kf1 e6 22. Ke2 Ke7 23. f4 Rxd1 24. Rxd1 Rd8 25. Rxd8 Kxd8 26. e4 h6 27.
e5 Nh5 28. Kf3 Ng7 29. Ne4 Nf5 30. b4 cxb4 31. axb4 Kc7 32. Nc3 Kc6 33. Nb5 Kd7
34. Ke4 Kc6 35. Kd3 Kd7 36. Nc3 Kc6 37. b5+ Kd7 38. Ne4 Kc7 39. Nc3 Nh4 40. Ke4
Nf5 41. Kf3 Nd4+ 42. Kg4 Nf5 43. Ne4 Kd8 44. Nf6 Nd4 45. Ne4 Nf5 46. Kf3 Kc7
47. Ng3 Kd7 48. Kg4 Nd4 49. Ne4 Nf5 50. Kf3 Kc7 51. Ng3 Kd7 52. Ke4 Ke7 53. Nf1
Kd7 54. Ne3 Nxe3 55. fxe3 Ke7 56. Kd4 Kd7 57. Ke4 Ke7 58. Kf3 Ke8 59. Kg4 Ke7
60. e4 Ke8 61. h4 Ke7 62. Kf3 Ke8 63. Kg4 Ke7 1/2-1/2

[Event "Tournoi MI Condom 2015"]
[Site "Condom"]
[Date "2015.07.11"]
[Round "2.2"]
[White "Grishchenko, Sergey"]
[Black "Vedmediuc, Serghei"]
[Result "1/2-1/2"]
[WhiteElo "2430"]
[BlackElo "2400"]
[PlyCount "105"]
[EventDate "2015.??.??"]

1. d4 g6 2. c4 Bg7 3. e4 d6 4. Nc3 Nc6 5. Be3 Nf6 6. h3 e5 7. d5 Nd4 8. Nf3 Qe7
9. Be2 Nxe2 10. Qxe2 Nh5 11. c5 O-O 12. Qc4 Nf4 13. Bxf4 exf4 14. O-O g5 15.
Rfe1 g4 16. hxg4 Bxg4 17. e5 Bxf3 18. Qxf4 dxe5 19. Qxf3 Qxc5 20. Ne4 Qe7 21.
Qf5 h6 22. Re3 Rad8 23. Rg3 Kh8 24. Ng5 Qxg5 25. Rxg5 hxg5 26. Rc1 Rxd5 27.
Rxc7 Rb5 28. b3 Kg8 29. Qxg5 Rb6 30. Qe7 Re6 31. Qd7 e4 32. Rxb7 e3 33. fxe3
Bh6 34. Rc7 Bxe3+ 35. Kf1 Rf6+ 36. Ke1 Bf2+ 37. Kd1 Bb6 38. Rc8 Rf1+ 39. Ke2
Rf2+ 40. Kd3 Rxg2 41. Rxf8+ Kxf8 42. a4 Rg6 43. b4 a5 44. bxa5 Bxa5 45. Kc4 Re6
46. Kb5 Be1 47. Qd4 Kg8 48. Kc5 Kh7 49. Qg4 Kh8 50. Kb5 Kh7 51. Qf5+ Kg7 52. a5
Bxa5 53. Kxa5 1/2-1/2

[Event "Tournoi MI Condom 2015"]
[Site "Condom"]
[Date "2015.07.11"]
[Round "2.3"]
[White "Fantinel, Thibault"]
[Black "Belenkaya, Dina"]
[Result "1/2-1/2"]
[WhiteElo "2385"]
[BlackElo "2213"]
[PlyCount "128"]
[EventDate "2015.??.??"]

1. c4 e5 2. Nc3 Nf6 3. Nf3 Nc6 4. e3 Bb4 5. Qc2 O-O 6. Nd5 Re8 7. Qf5 d6 8.
Nxf6+ Qxf6 9. Qxf6 gxf6 10. a3 Bc5 11. b3 f5 12. g3 Be6 13. Bb2 a5 14. Bg2 e4
15. Nh4 Ne5 16. O-O Nd3 17. Bc3 a4 18. b4 Bb6 19. f3 f4 20. gxf4 Nxf4 21. Rf2
Ng6 22. Nxg6 hxg6 23. fxe4 Bxc4 24. Rf4 Be2 25. Rh4 Kf8 26. Bf6 Bh5 27. Rf1 c6
28. Bf3 Bd8 29. Bxh5 gxh5 30. Rxh5 Bxf6 31. Rxf6 Ke7 32. Rf4 Rh8 33. Rhf5 Rag8+
34. Kh1 Rg7 35. h4 Rhg8 36. Rf2 Ke8 37. Kh2 Rg4 38. R5f4 R4g7 39. h5 Rg5 40.
Rh4 b5 41. h6 Kf8 42. d4 Rg4 43. Rxg4 Rxg4 44. Rc2 Rxe4 45. Rxc6 Kg8 46. Rxd6
Rxe3 47. Rb6 Rxa3 48. Rxb5 Rd3 49. d5 Kh7 50. Kg2 Kxh6 51. Kf2 a3 52. Ra5 a2
53. Rxa2 Rxd5 54. Ke3 Rb5 55. Rb2 f5 56. Kd4 Kg5 57. Kc4 Rb8 58. b5 f4 59. Kc5
Kg4 60. b6 f3 61. Kc6 Kg3 62. Kc7 Rxb6 63. Kxb6 f2 64. Rxf2 Kxf2 1/2-1/2

[Event "Tournoi MI Condom 2015"]
[Site "Condom"]
[Date "2015.07.11"]
[Round "2.4"]
[White "Bouget, Alexandre"]
[Black "Piceu, Tom"]
[Result "1-0"]
[WhiteElo "2256"]
[BlackElo "2324"]
[PlyCount "103"]
[EventDate "2015.??.??"]

1. d4 Nf6 2. c4 c5 3. d5 e6 4. Nc3 exd5 5. cxd5 d6 6. e4 g6 7. f4 Bg7 8. Bb5+
Nfd7 9. a4 O-O 10. Nf3 a6 11. Bc4 Nb6 12. Bb3 Bg4 13. O-O N8d7 14. Be3 Re8 15.
h3 Bxf3 16. Qxf3 f5 17. a5 fxe4 18. Qg3 Nc8 19. f5 gxf5 20. Rxf5 Ne7 21. Rg5
Ng6 22. h4 Be5 23. Rxg6+ hxg6 24. Qxg6+ Bg7 25. Qxd6 Ne5 26. Qxd8 Raxd8 27.
Bxc5 Nd3 28. Bb6 Rd6 29. Ne2 Bxb2 30. Ra2 Rc8 31. Ra4 Nc1 32. Nxc1 Rxc1+ 33.
Kf2 Rc3 34. Ba2 Rc2+ 35. Ke3 Rxg2 36. Bc7 Bc1+ 37. Kd4 e3 38. Rc4 Rd2+ 39. Kxe3
Rxa2+ 40. Rxc1 Rxd5 41. Bb6 Rb5 42. Rc7 Ra4 43. Kd3 Rb3+ 44. Kc2 Rf3 45. Rxb7
Ra2+ 46. Kb1 Rh2 47. Rc7 Rb3+ 48. Kc1 Rxh4 49. Kc2 Rg3 50. Kb2 Rh2+ 51. Rc2
Rhh3 52. Rc7 1-0

[Event "Tournoi MI Condom 2015"]
[Site "Condom"]
[Date "2015.07.11"]
[Round "2.5"]
[White "Lacroix, Romain"]
[Black "Favarel, Antoine"]
[Result "0-1"]
[WhiteElo "2234"]
[BlackElo "2359"]
[PlyCount "90"]
[EventDate "2015.??.??"]

1. d4 Nf6 2. Nf3 d5 3. c4 e6 4. g3 dxc4 5. Bg2 a6 6. O-O Nc6 7. e3 Bd7 8. Qe2
Bd6 9. Qxc4 Rb8 10. Rd1 Qe7 11. Qe2 e5 12. dxe5 Nxe5 13. Nxe5 Bxe5 14. f4 Bg4
15. Bf3 Bxf3 16. Qxf3 Bd6 17. Nc3 Bb4 18. e4 Bxc3 19. Qxc3 O-O 20. e5 Ng4 21.
Be3 Rfd8 22. Rac1 h5 23. h3 Nxe3 24. Qxe3 Qe6 25. Qb3 Rxd1+ 26. Rxd1 Qxh3 27.
Qf3 h4 28. Rd3 hxg3 29. Qxg3 Qf5 30. Rd2 Re8 31. Qh4 Qb1+ 32. Kh2 Qc1 33. Rg2
Re6 34. Qd8+ Kh7 35. Qd3+ g6 36. f5 Qf4+ 37. Kg1 Qxf5 38. Rh2+ Kg7 39. Qd8 Qb1+
40. Kg2 Qxb2+ 41. Kg1 Qa1+ 42. Kf2 Qxa2+ 43. Kg1 Qb1+ 44. Kg2 Qc2+ 45. Kg1 Qc5+
0-1

[Event "Tournoi MI Condom 2015"]
[Site "Condom"]
[Date "2015.07.11"]
[Round "3.1"]
[White "Piceu, Tom"]
[Black "Kukov, Velislav"]
[Result "0-1"]
[WhiteElo "2324"]
[BlackElo "2367"]
[PlyCount "80"]
[EventDate "2015.??.??"]

1. d4 Nc6 2. Nf3 d5 3. c4 Bg4 4. Nc3 e6 5. Bf4 Bxf3 6. exf3 Bb4 7. a3 Bxc3+ 8.
bxc3 Nge7 9. Bd3 dxc4 10. Bxc4 O-O 11. O-O Nd5 12. Bd2 e5 13. Bb5 Nde7 14. dxe5
Nxe5 15. Bf4 N7g6 16. Be3 Qf6 17. Qa4 b6 18. Rfd1 c5 19. Be2 Nh4 20. Qf4 Qxf4
21. Bxf4 Nhg6 22. Be3 Rad8 23. a4 Nc6 24. Kf1 Nge7 25. Bb5 Na5 26. Ke2 Nd5 27.
Rac1 f6 28. Rc2 Kf7 29. Ke1 f5 30. Rcd2 Nxe3 31. Rd7+ Rxd7 32. Rxd7+ Ke6 33.
fxe3 a6 34. Rxg7 axb5 35. axb5 Rf7 36. Rxf7 Kxf7 37. Kd2 c4 38. g4 fxg4 39.
fxg4 Ke6 40. e4 Nb7 0-1

[Event "Tournoi MI Condom 2015"]
[Site "Condom"]
[Date "2015.07.11"]
[Round "3.2"]
[White "Migot, Tangi"]
[Black "Fantinel, Thibault"]
[Result "1-0"]
[WhiteElo "2366"]
[BlackElo "2385"]
[PlyCount "147"]
[EventDate "2015.??.??"]

1. e4 c5 2. Nf3 Nc6 3. d4 cxd4 4. Nxd4 e5 5. Nb5 d6 6. c4 Be7 7. N1c3 a6 8. Na3
Be6 9. Be2 Bg5 10. O-O Bxc1 11. Rxc1 Nf6 12. Nc2 O-O 13. Qd3 Qb6 14. b3 Rfd8
15. Nd5 Bxd5 16. cxd5 Nb4 17. Nxb4 Qxb4 18. Rc4 Qa5 19. Qc2 b5 20. Rc6 Qb4 21.
Bf3 Nd7 22. Ra1 Qd4 23. Rb1 Nc5 24. a3 b4 25. Rd1 Qc3 26. Qxc3 bxc3 27. b4 Nb3
28. Rxc3 Nd4 29. a4 Rdc8 30. Rdc1 Rxc3 31. Rxc3 Kf8 32. Bg4 Ra7 33. g3 g6 34.
Rc8+ Ke7 35. Rb8 Rc7 36. Bc8 Rc1+ 37. Kg2 Ra1 38. a5 g5 39. Bxa6 g4 40. h3 f5
41. exf5 h5 42. hxg4 hxg4 43. f6+ Kxf6 44. Bc8 Kg5 45. Be6 Nxe6 46. dxe6 Kf6
47. b5 Kxe6 48. b6 Kd7 49. Ra8 Kc6 50. Rc8+ Kb7 51. Rc7+ Kb8 52. Rd7 Rxa5 53.
Rxd6 Ra4 54. Kf1 Re4 55. Rd2 Kb7 56. Rb2 Rd4 57. Ke2 Re4+ 58. Kd3 Rd4+ 59. Ke3
Ra4 60. Rb5 Ra3+ 61. Ke4 Ra2 62. Kxe5 Rxf2 63. Rb4 Rf3 64. Rxg4 Kxb6 65. Rg7
Kc6 66. g4 Re3+ 67. Kf6 Kd6 68. g5 Rf3+ 69. Kg6 Ke6 70. Ra7 Rg3 71. Kh6 Kf5 72.
Rf7+ Ke6 73. g6 Rg2 74. Rf1 1-0

[Event "Tournoi MI Condom 2015"]
[Site "Condom"]
[Date "2015.07.11"]
[Round "3.3"]
[White "Vedmediuc, Serghei"]
[Black "Bouget, Alexandre"]
[Result "1-0"]
[WhiteElo "2400"]
[BlackElo "2256"]
[PlyCount "73"]
[EventDate "2015.??.??"]

1. Nf3 d5 2. g3 e6 3. Bg2 c5 4. O-O Nc6 5. d4 Nf6 6. c4 dxc4 7. dxc5 Qxd1 8.
Rxd1 Bxc5 9. Nbd2 e5 10. Nxc4 Ng4 11. Nd6+ Bxd6 12. Rxd6 Ke7 13. Rd1 f6 14. h3
Nh6 15. Be3 Be6 16. Bc5+ Kf7 17. Nd2 f5 18. Bxc6 bxc6 19. Nf3 Rhc8 20. Ng5+ Kf6
21. Nxh7+ Kg6 22. Rd6 Re8 23. Nf8+ Rxf8 24. Rxe6+ Rf6 25. Rxe5 Nf7 26. Re7 a5
27. Rd1 Ng5 28. Rdd7 Rf7 29. h4 Rxe7 30. Rxe7 Ne4 31. Re6+ Kh5 32. Rxc6 Rd8 33.
Be3 Rb8 34. Rb6 Re8 35. Kg2 a4 36. Rb7 a3 37. bxa3 1-0

[Event "Tournoi MI Condom 2015"]
[Site "Condom"]
[Date "2015.07.11"]
[Round "3.4"]
[White "Favarel, Antoine"]
[Black "Grishchenko, Sergey"]
[Result "1-0"]
[WhiteElo "2359"]
[BlackElo "2430"]
[PlyCount "84"]
[EventDate "2015.??.??"]

1. c4 Nf6 2. g3 e6 3. Bg2 d5 4. Nf3 c5 5. O-O Nc6 6. cxd5 exd5 7. d4 Be7 8. Nc3
O-O 9. dxc5 Bxc5 10. Na4 Be7 11. Be3 Ne4 12. Rc1 Qa5 13. a3 Rd8 14. b4 Qa6 15.
Qb3 Qb5 16. Nc3 Nxc3 17. Qxc3 Bf6 18. Qd2 Qa4 19. Qd3 h6 20. b5 Na5 21. Bd4 Nb3
22. Qd1 Bxd4 23. Nxd4 Qxd4 24. Qxb3 Be6 25. Rfd1 Qe5 26. e3 Rd7 27. Rd4 Rad8
28. a4 b6 29. Rcd1 Qh5 30. h3 Qe5 31. Qd3 Bf5 32. Qd2 Rc8 33. e4 Be6 34. f4 Qc7
35. f5 Qxg3 36. fxe6 Rdc7 37. exf7+ Rxf7 38. Rd3 Qg6 39. Rxd5 Rfc7 40. Rd7 Rxd7
41. Qxd7 Rc2 42. Qg4 Qf6 1-0

[Event "Tournoi MI Condom 2015"]
[Site "Condom"]
[Date "2015.07.11"]
[Round "3.5"]
[White "Belenkaya, Dina"]
[Black "Lacroix, Romain"]
[Result "1-0"]
[WhiteElo "2213"]
[BlackElo "2234"]
[PlyCount "43"]
[EventDate "2015.??.??"]

1. e4 d6 2. d4 Nf6 3. Nc3 e5 4. Nf3 Nbd7 5. Bc4 Be7 6. a4 a5 7. Ng5 O-O 8.
Bxf7+ Rxf7 9. Ne6 Qe8 10. Nxc7 Qd8 11. Nxa8 b6 12. Nb5 Nxe4 13. O-O exd4 14.
Nac7 Ne5 15. Qxd4 Bb7 16. Nd5 Nc5 17. Nxe7+ Qxe7 18. Qxd6 Qe8 19. Nc7 Rxc7 20.
Qxc7 Qg6 21. Qd8+ Kf7 22. Qg5 1-0

[Event "Tournoi MI Condom 2015"]
[Site "Condom"]
[Date "2015.07.11"]
[Round "4.1"]
[White "Kukov, Velislav"]
[Black "Vedmediuc, Serghei"]
[Result "1/2-1/2"]
[WhiteElo "2367"]
[BlackElo "2400"]
[PlyCount "30"]
[EventDate "2015.??.??"]

1. d4 d5 2. c4 c6 3. cxd5 cxd5 4. Nc3 Nf6 5. Nf3 Nc6 6. Bf4 Bf5 7. e3 e6 8. Bd3
Bxd3 9. Qxd3 Bd6 10. Bxd6 Qxd6 11. O-O O-O 12. Rfc1 Rfc8 13. Qb5 a6 14. Qc5 Qd8
15. Na4 Ne5 1/2-1/2

[Event "Tournoi MI Condom 2015"]
[Site "Condom"]
[Date "2015.07.11"]
[Round "4.2"]
[White "Belenkaya, Dina"]
[Black "Migot, Tangi"]
[Result "1-0"]
[WhiteElo "2213"]
[BlackElo "2366"]
[PlyCount "75"]
[EventDate "2015.??.??"]

1. e4 c5 2. Nf3 Nc6 3. Bb5 e6 4. O-O Nge7 5. Re1 a6 6. Bf1 b5 7. c3 d5 8. exd5
Nxd5 9. d4 Bb7 10. a4 c4 11. b3 Na5 12. bxc4 bxc4 13. Ne5 Qc7 14. Nd2 Nxc3 15.
Qg4 Nd5 16. Nexc4 Nf6 17. Qg5 Nxc4 18. Nxc4 h6 19. Qh4 Be7 20. Bf4 Qd8 21. Be5
Bd5 22. Qg3 O-O 23. Rab1 Bc6 24. Nb6 Ra7 25. a5 g6 26. Bd3 Kh7 27. Rec1 Bb7 28.
Rc7 Ng8 29. Nc4 Qa8 30. Nb6 Qd8 31. Nd7 Re8 32. Rbxb7 Rxb7 33. Rxb7 Qxa5 34. h3
Qd5 35. Nc5 Rf8 36. Rd7 Qc6 37. Rc7 Qd5 38. Nxa6 1-0

[Event "Tournoi MI Condom 2015"]
[Site "Condom"]
[Date "2015.07.11"]
[Round "4.3"]
[White "Lacroix, Romain"]
[Black "Grishchenko, Sergey"]
[Result "0-1"]
[WhiteElo "2234"]
[BlackElo "2430"]
[PlyCount "108"]
[EventDate "2015.??.??"]

1. d4 Nf6 2. Nf3 c5 3. d5 e6 4. Nc3 b5 5. dxe6 fxe6 6. Nxb5 d5 7. c4 a6 8. Na3
Bd6 9. g3 d4 10. Bg2 Bb7 11. O-O e5 12. Bg5 Nbd7 13. Nd2 Bxg2 14. Kxg2 O-O 15.
Ne4 Qb6 16. Bxf6 gxf6 17. Qb3 Qxb3 18. axb3 Bc7 19. g4 Rab8 20. Nb1 a5 21. Nbd2
Kf7 22. Rg1 Ke6 23. Kf1 Rg8 24. Rg3 Rg7 25. Nf3 Rbg8 26. h3 h5 27. gxh5 Rxg3
28. fxg3 f5 29. Neg5+ Kf6 30. h4 e4 31. Nd2 Bxg3 32. Rxa5 Bxh4 33. Ngxe4+ fxe4
34. Nxe4+ Ke7 35. Nxc5 Nf6 36. Nd3 Bg5 37. Ne1 Be3 38. Nf3 Rg4 39. Re5+ Kd6 40.
c5+ Kc7 41. Re7+ Kd8 42. Re6 Nxh5 43. b4 Nf4 44. Re4 Rg7 45. Ke1 Nd5 46. b5 Ra7
47. Kf1 Nf4 48. b6 Rh7 49. Rxd4+ Kc8 50. Rxf4 Bxf4 51. c6 Be3 52. b7+ Kc7 53.
b4 Rh5 54. Kg2 Rb5 0-1

[Event "Tournoi MI Condom 2015"]
[Site "Condom"]
[Date "2015.07.11"]
[Round "4.4"]
[White "Fantinel, Thibault"]
[Black "Piceu, Tom"]
[Result "1/2-1/2"]
[WhiteElo "2385"]
[BlackElo "2324"]
[PlyCount "67"]
[EventDate "2015.??.??"]

1. d4 Nf6 2. c4 c5 3. d5 b5 4. Qc2 bxc4 5. e4 g6 6. Bxc4 d6 7. Nf3 Bg7 8. O-O
O-O 9. Re1 Ba6 10. Nbd2 Nfd7 11. Rb1 Nb6 12. b3 Nxc4 13. bxc4 Nd7 14. Bb2 Bxb2
15. Rxb2 f6 16. Re3 Nb6 17. Ne1 Qd7 18. Ra3 Bb7 19. Nd3 e5 20. f4 Qg4 21. Nf3
Qd7 22. h3 Qc7 23. Nd2 Bc8 24. Qc3 Bd7 25. Qa5 Qc8 26. Kh2 exf4 27. Nxf4 Qe8
28. Rg3 Qe5 29. Nd3 Qd4 30. Rc2 Rfe8 31. Qc3 Qxc3 32. Rxc3 a5 33. Rf3 Kg7 34.
g4 1/2-1/2

[Event "Tournoi MI Condom 2015"]
[Site "Condom"]
[Date "2015.07.11"]
[Round "4.5"]
[White "Bouget, Alexandre"]
[Black "Favarel, Antoine"]
[Result "0-1"]
[WhiteElo "2256"]
[BlackElo "2359"]
[PlyCount "102"]
[EventDate "2015.??.??"]

1. d4 Nf6 2. c4 e6 3. Nc3 Bb4 4. e3 O-O 5. Bd3 d5 6. Nf3 dxc4 7. Bxc4 c5 8. O-O
Nc6 9. a3 Ba5 10. dxc5 Bxc3 11. bxc3 Qxd1 12. Rxd1 Na5 13. Rd4 Nd7 14. a4 Nxc5
15. Ba3 b6 16. Ba2 Bb7 17. Bxc5 bxc5 18. Rd6 Rfd8 19. Rad1 Nc6 20. Bc4 Kf8 21.
Rxd8+ Rxd8 22. Rxd8+ Nxd8 23. Nd2 Ke7 24. f3 Kd6 25. Kf2 f6 26. Bd3 h6 27. e4
Nf7 28. Ke3 Bc6 29. Nc4+ Kc7 30. Bc2 e5 31. Bb3 Nd6 32. Nxd6 Kxd6 33. Kd3 a5
34. Bd1 Bd7 35. Bc2 f5 36. Bd1 f4 37. Bc2 g5 38. h3 Be6 39. c4 Ke7 40. Bb3 Kf6
41. Ke2 Kg6 42. Kf2 Kh5 43. Kg1 Kh4 44. Kf2 h5 45. Ba2 Bxh3 46. gxh3 Kxh3 47.
Bb3 g4 48. fxg4 hxg4 49. Bd1 f3 50. Kg1 Kg3 51. Bc2 Kf4 0-1

[Event "Tournoi MI Condom 2015"]
[Site "Condom"]
[Date "2015.07.11"]
[Round "5.1"]
[White "Vedmediuc, Serghei"]
[Black "Fantinel, Thibault"]
[Result "1/2-1/2"]
[WhiteElo "2400"]
[BlackElo "2385"]
[PlyCount "26"]
[EventDate "2015.??.??"]

1. c4 e6 2. Nf3 Nf6 3. g3 d5 4. Bg2 dxc4 5. Qa4+ Bd7 6. Qxc4 c5 7. Ne5 Qc8 8.
O-O Nc6 9. Nxd7 Qxd7 10. Nc3 Rc8 11. d3 Be7 12. Bg5 b6 13. Qa4 O-O 1/2-1/2

[Event "Tournoi MI Condom 2015"]
[Site "Condom"]
[Date "2015.07.11"]
[Round "5.2"]
[White "Migot, Tangi"]
[Black "Lacroix, Romain"]
[Result "1-0"]
[WhiteElo "2366"]
[BlackElo "2234"]
[PlyCount "103"]
[EventDate "2015.??.??"]

1. e4 d6 2. d4 Nf6 3. Nc3 e5 4. Nf3 Nbd7 5. Bc4 Be7 6. a4 O-O 7. O-O a5 8. b3
c6 9. Bb2 exd4 10. Nxd4 Ne5 11. Be2 Re8 12. Qd2 Qb6 13. h3 Bf8 14. Rfe1 Bd7 15.
Rad1 Rad8 16. Bf1 Bc8 17. Kh1 h6 18. Qf4 Ng6 19. Qg3 d5 20. e5 Bc5 21. exf6
Rxe1 22. Rxe1 Bxd4 23. Nd1 Bxb2 24. Nxb2 Qd4 25. Qc7 Qxf6 26. Qxa5 Bf5 27. Bd3
Rd7 28. Bxf5 Qxf5 29. Nd3 Nf4 30. Nxf4 Qxf4 31. Kg1 Kh7 32. Qc3 g6 33. g3 Qf5
34. Qd4 f6 35. Re2 Kg7 36. h4 h5 37. a5 Qf3 38. Re8 Qg4 39. Qc5 Rf7 40. Qd6 Qd7
41. Qb8 f5 42. Qe5+ Kh6 43. Kf1 d4 44. Rh8+ Rh7 45. Qf6 c5 46. Qf8+ Qg7 47.
Qxg7+ Kxg7 48. Rxh7+ Kxh7 49. Ke2 Kg7 50. Kd3 f4 51. Kc4 g5 52. Kxc5 1-0

[Event "Tournoi MI Condom 2015"]
[Site "Condom"]
[Date "2015.07.11"]
[Round "5.4"]
[White "Grishchenko, Sergey"]
[Black "Bouget, Alexandre"]
[Result "1-0"]
[WhiteElo "2430"]
[BlackElo "2256"]
[PlyCount "61"]
[EventDate "2015.??.??"]

1. d4 d5 2. c4 e6 3. Nc3 c5 4. cxd5 cxd4 5. Qa4+ Bd7 6. Qxd4 exd5 7. Qxd5 Nc6
8. Nf3 Nf6 9. Qd1 Bc5 10. e3 Qe7 11. Be2 O-O 12. a3 Rfd8 13. O-O Rac8 14. b4
Bd6 15. Nb5 Bb8 16. Nbd4 Bg4 17. Bb2 Ne5 18. Qb3 Rxd4 19. exd4 Ng6 20. Rfe1 Be6
21. d5 Nxd5 22. Bc4 Ndf4 23. Bxe6 fxe6 24. g3 Nd5 25. Nd4 Qf7 26. Rxe6 Rd8 27.
Rae1 h5 28. Qf3 Ngf4 29. gxf4 Nxf4 30. Re7 Qf6 31. Re8+ 1-0

[Event "Tournoi MI Condom 2015"]
[Site "Condom"]
[Date "2015.07.11"]
[Round "5.5"]
[White "Piceu, Tom"]
[Black "Belenkaya, Dina"]
[Result "0-1"]
[WhiteElo "2324"]
[BlackElo "2213"]
[PlyCount "74"]
[EventDate "2015.??.??"]

1. d4 d5 2. c4 dxc4 3. Nf3 Nf6 4. e3 e6 5. Bxc4 a6 6. O-O b5 7. Bb3 Bb7 8. Qe2
c5 9. a4 b4 10. Rd1 Nbd7 11. Nbd2 cxd4 12. exd4 Be7 13. Ne5 O-O 14. Ndf3 Nd5
15. Be3 Nxe3 16. fxe3 Rc8 17. e4 Nxe5 18. Nxe5 Bf6 19. Nxf7 Bxd4+ 20. Kh1 Rxf7
21. Bxe6 Qb6 22. Bxc8 Bxc8 23. Qc4 Be6 24. Qxd4 Rf1+ 25. Rxf1 Qxd4 26. Rad1 Qb6
27. e5 Qc7 28. Rd6 Qc8 29. h3 h6 30. Rfd1 Kh7 31. Rb6 Bxh3 32. Rdd6 Bf5 33.
Rxb4 Qc1+ 34. Kh2 Qc5 35. Rbd4 Qxe5+ 36. Kh1 Be4 37. b4 Qg3 0-1

[Event "Tournoi MI Condom 2015"]
[Site "Condom"]
[Date "2015.07.11"]
[Round "6.1"]
[White "Kukov, Velislav"]
[Black "Grishchenko, Sergey"]
[Result "1/2-1/2"]
[WhiteElo "2367"]
[BlackElo "2430"]
[PlyCount "21"]
[EventDate "2015.??.??"]

1. d4 d5 2. c4 c6 3. cxd5 cxd5 4. Nc3 Nf6 5. Nf3 Nc6 6. Bf4 a6 7. Rc1 e6 8. e3
Bd6 9. Bxd6 Qxd6 10. Be2 b5 11. O-O 1/2-1/2

[Event "Tournoi MI Condom 2015"]
[Site "Condom"]
[Date "2015.07.11"]
[Round "6.2"]
[White "Migot, Tangi"]
[Black "Piceu, Tom"]
[Result "1-0"]
[WhiteElo "2366"]
[BlackElo "2324"]
[PlyCount "105"]
[EventDate "2015.??.??"]

1. e4 c5 2. Nf3 d6 3. d4 cxd4 4. Nxd4 Nf6 5. Nc3 a6 6. Be2 e5 7. Nb3 Be7 8. O-O
O-O 9. Be3 Be6 10. Qd3 Nbd7 11. Nd5 Bxd5 12. exd5 Nc5 13. Nxc5 dxc5 14. Bf3 Qd6
15. c4 Nd7 16. Be4 g6 17. g4 Nf6 18. f3 Kg7 19. Qe2 h6 20. Qd2 Rh8 21. Bc2 Nd7
22. Rf2 Rab8 23. b3 Bh4 24. Re2 b6 25. Rf1 Rbe8 26. a3 a5 27. Rb1 Nf6 28. Be4
Nxe4 29. fxe4 Bg5 30. Rf2 Bxe3 31. Qxe3 f6 32. h4 h5 33. g5 fxg5 34. Qxg5 Rhf8
35. Rbf1 Rxf2 36. Rxf2 Re7 37. Rf5 Re8 38. Qg3 Kh7 39. Rf7+ Kg8 40. Rf3 Kg7 41.
Rf2 Kg8 42. Rf5 Kh7 43. Rf7+ Kg8 44. Rf1 Kg7 45. Kh2 Kg8 46. Rf5 Kh7 47. Qf3
gxf5 48. Qxh5+ Qh6 49. Qf7+ Qg7 50. Qh5+ Qh6 51. Qf7+ Qg7 52. Qxe8 Qg4 53. Qf7+
1-0

[Event "Tournoi MI Condom 2015"]
[Site "Condom"]
[Date "2015.07.11"]
[Round "6.3"]
[White "Belenkaya, Dina"]
[Black "Vedmediuc, Serghei"]
[Result "1/2-1/2"]
[WhiteElo "2213"]
[BlackElo "2400"]
[PlyCount "34"]
[EventDate "2015.??.??"]

1. e4 c6 2. d4 d5 3. Nc3 dxe4 4. Nxe4 Bf5 5. Ng3 Bg6 6. h4 h6 7. Nf3 Nd7 8. h5
Bh7 9. Bd3 Bxd3 10. Qxd3 Ngf6 11. Bd2 e6 12. O-O-O Qc7 13. Ne4 O-O-O 14. g3
Nxe4 15. Qxe4 Nf6 16. Qe2 Bd6 17. c4 c5 1/2-1/2

[Event "Tournoi MI Condom 2015"]
[Site "Condom"]
[Date "2015.07.11"]
[Round "6.4"]
[White "Fantinel, Thibault"]
[Black "Favarel, Antoine"]
[Result "1-0"]
[WhiteElo "2385"]
[BlackElo "2359"]
[PlyCount "49"]
[EventDate "2015.??.??"]

1. c4 e6 2. Nc3 d5 3. d4 Bb4 4. cxd5 exd5 5. Bf4 Nf6 6. e3 c5 7. Bd3 O-O 8.
Nge2 cxd4 9. exd4 Bg4 10. O-O Bxc3 11. bxc3 Nc6 12. Qb1 Na5 13. Ng3 Rc8 14. Qb4
Re8 15. Bg5 Qb6 16. Bxf6 gxf6 17. h3 Be6 18. Nh5 Rf8 19. Nxf6+ Kh8 20. Nxh7 Rg8
21. Nf6 Rxg2+ 22. Kxg2 Bxh3+ 23. Kxh3 Qxf6 24. Rg1 Qxf2 25. Qe7 1-0

[Event "Tournoi MI Condom 2015"]
[Site "Condom"]
[Date "2015.07.11"]
[Round "6.5"]
[White "Lacroix, Romain"]
[Black "Bouget, Alexandre"]
[Result "1/2-1/2"]
[WhiteElo "2234"]
[BlackElo "2256"]
[PlyCount "27"]
[EventDate "2015.??.??"]

1. e4 g6 2. d4 Bg7 3. Nc3 d6 4. Be3 a6 5. Qd2 b5 6. Bd3 Bb7 7. Nf3 Nd7 8. a4 b4
9. Ne2 c5 10. c3 bxc3 11. bxc3 Qc7 12. O-O Ngf6 13. Ng3 O-O 14. Rfe1 1/2-1/2